La tristeza de nuestros museos. Derivas de la modernidad en América Latina.
Saved in:
| Hovedforfatter: | |
|---|---|
| Format: | Ukendt |
| Udgivet: |
Santiago, Chile:
Metales Pesados,
2024.
|
| Fag: |
Pintura francesa
> Colecciones
> 1949-1950
> Argentina
> Brasil
> Venezuela
> Perú
> Chile
> Uruguay
|
| Tags: |
Tilføj Tag
Ingen Tags, Vær først til at tagge denne postø!
|
MARC
| LEADER | 00000 a2200000 4500 | ||
|---|---|---|---|
| 003 | CL-VaPUC | ||
| 005 | 20240705104709.0 | ||
| 008 | 240621t2024 ||||| |||| 00| 0 eng d | ||
| 999 | |c 444022 |d 444020 | ||
| 020 | |a 978-956-6203-67-4 | ||
| 040 | |c Pontificia Universidad Católica de Valparaíso | ||
| 082 | 7 | |2 22 |a 069.5 BET 2024 | |
| 100 | |a Bettoni, Cecilia |9 889626 |e autora | ||
| 245 | |a La tristeza de nuestros museos. |b Derivas de la modernidad en América Latina. | ||
| 260 | |a Santiago, Chile: |b Metales Pesados, |c 2024. | ||
| 300 | |a 131 páginas. | ||
| 583 | |k GC |c 20240621 | ||
| 650 | 0 | |9 265235 |a Museos de arte | |
| 650 | 0 | |9 266122 |a Pintura francesa |v Colecciones |y 1949-1950 |z Argentina |z Brasil |z Venezuela |z Perú |z Chile |z Uruguay | |
| 942 | |2 ddc |c BK | ||
| 952 | |0 0 |1 0 |2 ddc |4 0 |6 069_500000000000000_BET_2024 |7 0 |8 A |9 595158 |a BIBART |b BIBART |d 2024-06-21 |e 135 |g 10710.00 |i 5661602 |l 1 |o 069.5 BET 2024 |p 5661602 |r 2025-04-14 |s 2025-04-07 |t 1 |v 10710.00 |w 2024-06-21 |y BK |k ART | ||